Rubber krishiyum valaprayogavum (Record no. 67771)

MARC details
000 -LEADER
fixed length control field 00370nam a2200157Ia 4500
100 ## - MAIN ENTRY--AUTHOR NAME
Personal name Philip A
245 #0 - TITLE STATEMENT
Title Rubber krishiyum valaprayogavum
260 ## - PUBLICATION, DISTRIBUTION, ETC. (IMPRINT)
Name of publisher Rubber
Year of publication 2014
300 ## - PHYSICAL DESCRIPTION
Number of Pages 9-Jun
650 ## - SUBJECT ADDED ENTRY--TOPICAL TERM
Topical Term Fertilizer application
700 ## - ADDED ENTRY--PERSONAL NAME
Personal name Jessy M D
700 ## - ADDED ENTRY--PERSONAL NAME
Personal name Soman T A
700 ## - ADDED ENTRY--PERSONAL NAME
Personal name Syamala V K
942 ## - ADDED ENTRY ELEMENTS (KOHA)
Koha item type Journals
Holdings
Withdrawn status Lost status Damaged status Not for loan Home library Current library Shelving location Date acquired Serial Enumeration / chronology Koha item type
      Journals RRII Library RRII Library Agronomy 30/09/2014 Volume 582, Issue Sept Journals